| 000 | 00683nam a2200277Ia 4500 | ||
|---|---|---|---|
| 005 | 20251020182511.0 | ||
| 008 | 200515s9999 xx 000 0 und d | ||
| 020 | _a978-612-304-063-5 | ||
| 082 | _a65.919/C26 | ||
| 100 | _aCarranza Zavala, Óscar | ||
| 245 | 0 | _aTécnicas paso a paso con AutoCad 3D | |
| 250 | _a1a ed. | ||
| 260 | _aLima | ||
| 260 | _bMacro E.I.R.L. | ||
| 260 | _c2012 | ||
| 300 | _a327 p. | ||
| 300 | _bil., tbl., graf. | ||
| 490 | _aDiseño y Desarrollo de Proyectos para Ingenieros | ||
| 500 | _a2 ejemplares | ||
| 520 | _aDiseño con AutoCad 3D. | ||
| 650 | _a3D | ||
| 650 | _aAUTOCAD | ||
| 942 | _cLIB | ||
| 999 |
_c1429 _d1429 |
||